000 01027nam a22002537a 4500
005 20080918163843.0
008 080918t xxu||||| |||| 00| 0 hin d
010 _aHIN-93612
020 _c150.00
_a8190242709
035 _aHN-65958
037 _bDBAD / PUB
040 _aDPL
_bHN
082 _a821
100 _9747
_aअनुरागी, अजय
245 _aइस सदी के अन्त में /
_cअजय अनुरागी
260 _aजयपुर
_bचेतन पब्लिकेशन
_c2010
270 _a85/169, सैक्टर-8, प्रताप नगर, साँगानेर
_bजयपुर
300 _a103पृ.
_c25सेमी (सजिल्द)
650 _9697
_aहिन्दी कविता
650 _9698
_aHindi Porty
700 _927881
942 _2ddc
_cHN
_mअनुरा
_h821
999 _c55103
_d55103